00515 a2200181 450000500170000001000130001702000260003003500130005603700180006908200080008710000190009524501230011426000270023727000100026430000190027470000180029370000220031120241128162921.0 aB-761283 a9789364686600c620.00 aB-761283 bGift/28.11.24 a510 aMalhotra, O.P. aS. Chand's ICSE Mathematics;bAsper 2027 Syllabus for Class IX Book 1/cO.P. Malhotra , S.K. Gupta and Anubhuti Gangal aU.P.bS. Chand'sc2025 aU. P. aVp.c25cm (Pb) aGupta , S.K.  aGangal, Anubhuti